Cristiano Ronaldo - Career Path - Statistics

General Stats
  • This quiz has been taken 69 times
  • The average score is 6 of 6
Answer Stats
Years Answer Price % Correct
2003-2009 Manchester United €19.00m
100%
2009-2018 Real Madrid €94.00m
100%
2018-2021 Juventus €117.00m
98%
2002-2003 Sporting CP -
98%
2021-2022 Manchester United €17.00m
94%
2023- Al-Nassr -
86%
No matching quizzes found
Score Distribution
Percent of People with Each Score
Percentile by Number Answered
Your Score History
You have not taken this quiz